000 00535nam a22001817a 4500
005 20251108164230.0
008 250721s1992 xx 000 0 ara d
082 1 4 _a618.92/وجي
100 1 _aالزوري، شريف
245 1 0 _aالوجيز في أمراض الأطفال و إسعافاتها /
264 1 _aدمشق :
_bجامعة دمشق - كلية الطب،
_c1992.
300 _a469ص
650 1 7 _aالأطفال
650 1 7 _aرعاية الطفولة
650 1 7 _aالصحة
942 _2ddc
_cBK
999 _c7015
_d7015